[Event "Reykjavik zt"]
[Site "Reykjavik"]
[Date "1995.??.??"]
[Round "1"]
[White "Akesson, Ralf"]
[Black "Hansen, Curt"]
[Result "0-1"]
[WhiteElo "2500"]
[BlackElo "2630"]
[Annotator "Ribli,Z"]
[PlyCount "154"]
[EventDate "1995.03.??"]
[EventType "swiss"]
[EventRounds "11"]
[EventCountry "ISL"]
[SourceTitle "CBM 047"]
[Source "ChessBase"]
[SourceDate "1995.08.01"]
[SourceVersion "1"]
[SourceVersionDate "1995.08.01"]
[SourceQuality "1"]

1. Nf3 {Endgame-CD} Nf6 2. c4 c5 3. Nc3 Nc6 4. d4 cxd4 5. Nxd4 e6 6. g3 Qb6 7.
Nb3 Ne5 8. e4 Bb4 9. Qe2 d6 10. f4 Nc6 11. Be3 Bxc3+ 12. bxc3 Qc7 13. Bg2 O-O
14. O-O b6 15. g4 Ba6 16. g5 Nd7 17. Rf3 Rfe8 18. Rh3 Ne7 {Der erste neue Zug.}
(18... Nf8 19. Rd1 (19. Qh5 Bxc4 (19... Ne7 $5) 20. f5 Ne5 21. f6 $1 $40 {
Gelfand} (21. Bd4 $2 g6 22. Qh6 exf5 23. exf5 gxf5 24. Bxa8 Rxa8 $17 {Schwarz
hat mehr als gegnuegend Kompensation fuer die geopferten Qualitaet. Illescas
Cordoba,M-Gelfand,B/Dos Hermanas/1994/CBM42/INF60,42/})) 19... Rad8 (19... Ne7
$5) 20. f5 Ne5 21. Qh5 Qxc4 22. Nd4 $13 {Garcia Illundain,D-Izeta,F/Espana/
1993/INF60,(42)/}) 19. f5 exf5 20. exf5 Bxc4 (20... Nxf5 $2 21. Bxa8 Rxa8 22.
Qf3 $18) 21. Qh5 Nf8 22. Nd4 (22. Bxa8 Nxf5 $5 23. Bg2 (23. Qf3 Rxe3 24. Qxf5
Be6 25. Rxe3 Bxf5 $17) 23... Rxe3 $44) 22... Bd5 23. f6 Bxg2 24. Kxg2 (24. fxe7
Bxh3 25. exf8=Q+ Rxf8 26. Qxh3 Qxc3 $17) 24... Nd5 25. Bd2 Re5 26. fxg7 Kxg7
27. Rf1 b5 28. Nf5+ {Weiss gewinnt forciert eine Qualitaet, aber es waere
besser mit >= 28.Rhf3 dem Angriff fortzusetzen.} (28. Rhf3 $5 f6 29. gxf6+ Kh8
30. Qh6 Qf7 31. Nxb5 $40) 28... Kh8 29. Nh6 f5 30. Nf7+ Kg8 31. Nxe5 (31. g6 $2
hxg6 32. Qh8+ Kxf7 33. Rh7+ Nxh7 34. Qxh7+ Ke8 $19 {Die Dame ist auf c7
gedeckt.}) 31... dxe5 32. Rxf5 Ng6 33. Qf3 Rd8 $44 {Die schwarze Figuren
stehen sehr aktiv, waehrend Weiss keine Koordination zwischen seine Figuren
hat. Ich meine, dass der Nachziehende sehr gute Kompen- sation fuer die
verlorene Quelitaet hat. Droht /\ Ndf4.} 34. Kh1 Qd7 {Wieder droht /\ Ndf4} 35.
Rh6 Nde7 36. Rxg6+ {Was sonst?} Nxg6 $15 {Die Zurueckeroberung der Quelitaet
bedeutet, dass der Vorteil schon bei Schwarz ist (besserer Bauernstruktur und
aktivere Figuren).} 37. Be1 Qd1 38. Qe4 Qd3 $1 39. Qxd3 Rxd3 40. Kg1 Rd1 41.
Kf1 Ra1 42. Rf2 Nf4 {Droht /\ Nd3} 43. Rd2 Kg7 (43... Kf7 $5 44. Kf2 Ke6 $17)
44. Kf2 Kg6 45. Rd7 {Jetzt verliert Weiss zwei Bauern, aber fuer ihn ist es
nicht so einfach guten Rat zu geben.} Nh3+ 46. Ke2 (46. Kg3 Nxg5 47. Bd2 Rxa2
48. Bxg5 Kxg5 49. Rxh7 Ra3 50. Rc7 b4 $19) 46... Ng1+ 47. Kf2 Nh3+ 48. Ke2
Rxa2+ 49. Ke3 Nxg5 50. Bg3 Nf7 51. Rd5 {Weiss gewinnt einen Bauern zueruckt
und hat wieder Hoffnung.} a6 52. Bxe5 Nxe5 53. Rxe5 h5 54. h4 Ra4 55. Rg5+ (55.
Kd3 Rxh4 56. Re6+ Kg5 57. Rxa6 Rf4 $19 {Ungefaehr wie die Partie.}) 55... Kh6
56. Rd5 Rxh4 57. Rd6+ Kg5 58. Rxa6 Rc4 59. Kd3 h4 $1 60. Rb6 Rc5 61. Ke2 h3 62.
Kf2 Kf4 {Droht /\ Rh5.} 63. Rh6 Rxc3 64. Rh4+ Kg5 65. Rb4 Rc5 66. Kg3 Kf6 67.
Kxh3 {Endgame-CD: Weiss gewinnt wieder einen Bauern zurueck. Wir sehen jetzt
ein Lehrbeispiel zur Theorie der Turmendspiele: Der b-Bauer mit aktiven
schwarzen Turm und der Koenig garantieren den Sieg. vgl./comp. CBM 46 R+b(g)P}
Ke6 68. Kg3 Kd6 69. Kf3 Rc3+ $1 70. Ke2 Kc5 71. Rh4 b4 72. Kd2 Kb5 73. Rh8 (73.
Rh1 {Endgame-CD} Ka4 74. Ra1+ Kb3 75. Rb1+ Ka3 76. Ra1+ Kb2 $19) 73... Ka4 74.
Rb8 Ka3 75. Rb7 Rc6 76. Rb8 b3 77. Rb7 Kb2 0-1

[Event "FIDE World Cup-D"]
[Site "Shenyang"]
[Date "2000.09.02"]
[Round "2"]
[White "Tkachiev, Vladislav"]
[Black "Gelfand, Boris"]
[Result "1/2-1/2"]
[WhiteElo "2657"]
[BlackElo "2681"]
[Annotator "Ribli,Z"]
[PlyCount "33"]
[EventDate "2000.09.01"]
[EventType "tourn"]
[EventRounds "5"]
[EventCountry "CHN"]
[EventCategory "15"]
[SourceTitle "CBM 079"]
[Source "ChessBase"]
[SourceDate "2000.11.21"]
[SourceVersion "1"]
[SourceVersionDate "2000.11.21"]
[SourceQuality "1"]

1. c4 c5 2. Nf3 Nf6 3. Nc3 Nc6 4. d4 cxd4 5. Nxd4 e6 6. a3 {Diese - auf den
ersten Blick - genügsame Fortsetzung spielt Korchnoi oft. Weiß verliert zwar
ein Tempo, verhindert aber das mögliche Bb4, und das ist gewöhnlich ein guter
Plan für Schwarz.} Be7 {Hier stand Schwarz eine Reihe von Alternativen zur
Auswahl, doch der Textzug ist sicher.} (6... Qb6) (6... Bc5) (6... Nxd4 7. Qxd4
b6) 7. g3 {Ich glaube, dass der ganze Aufbau mit 6.a3 für Weiß nichts zu
bieten hat.- Mit 7.g3 verliert Weiß zu viel Zeit.} (7. e4 O-O 8. Be2 d5 9. exd5
exd5 10. O-O (10. Nxc6 bxc6 11. cxd5 Nxd5 12. Nxd5 cxd5 13. O-O Bf6 $11) 10...
Nxd4 11. Qxd4 Be6 12. cxd5 Nxd5 13. Nxd5 Bxd5 $11) 7... Qb6 {Dieser Zug kommt
immer in Betracht. Ich möchte anmerken, dass man ohne 6.a3 Be7 nach der
Zugfolge 6.g3 Qb6 in eine populäre Variante gelangt, in der Schwarz
Gegenchancen hat.} (7... d5 8. Bg2 O-O 9. O-O Re8 (9... dxc4 10. Nxc6 bxc6 11.
Qa4 Bb7 12. Qxc4 Qc8 13. b4 Nd5 14. Bb2 Bf6 15. Rfe1 a5 16. Rac1 {1-0
Pogorelov,R-Rodriguez Talavera,J/Sevilla 1993/TD (44)}) 10. cxd5 exd5 11. Be3
Be6 12. Rc1 Qd7 13. Nxe6 fxe6 14. Bh3 Bf8 15. Nb5 Qf7 16. Nd4 Na5 17. Nf3 Ne4
18. Qd3 Nc6 {1/2-1/2 Speelman,J-Gulko,B/Amsterdam 1989/CBM 14 (18)}) 8. Nf3 (8.
e3 O-O (8... d5 9. cxd5 Nxd5 10. Na4 Qc7 11. Bg2 Nxd4 12. Qxd4 O-O 13. e4 Bf6
14. Qd1 Ne7 15. Bf4 e5 16. Rc1 Nc6 17. Be3 Rd8 {1/2-1/2 Krutti,V-Palkovi,J/HUN
tt 99/2000 2000 (47)}) 9. Bg2 d5 (9... d6 10. O-O Bd7 11. Nxc6 Bxc6 12. e4 Rfc8
13. Be3 Qd8 14. Qe2 b6 15. Rac1 Nd7 16. Rfd1 a6 17. Bf4 Qf8 18. b4 {1/2-1/2
Smejkal,J-Gulko,B/Moscow 1994/CBM 44 ext (18)}) 10. cxd5 Nxd5 11. Na4 Qc7 12.
Nxc6 Qxc6 13. O-O Qa6 14. Bd2 Bd7 15. Nc3 Nxc3 16. Bxc3 Rfd8 17. Qg4 Bf8 18.
Rfc1 Rac8 19. Qh4 Bb5 20. Bb4 h6 21. Bxf8 Rxf8 22. Qe7 Bc6 23. Bxc6 Rxc6 24.
Rxc6 {1/2-1/2 Chernin,A-Vuckovic,B/Korinthos GRE 2000/The Week in Chess 300 
(24)}) (8. Ndb5 Ne5 9. Bg2 Nxc4 10. Qa4 a6 11. Qxc4 axb5 12. Qxb5 Qxb5 13. Nxb5
O-O 14. Nc7 Ra4 15. b3 Ra5 16. a4 d5 17. Bd2 Rc5 18. Nb5 Rc6 19. Nd4 Rc7 20.
O-O Bd7 21. Rfd1 Ra8 22. Bf4 Rc3 23. h3 Be8 (23... Kf8 $5) 24. Kf1 Kf8 {
1/2-1/2 Kortschnoj,V-Schlosser,P/Brno 1992/CBM 31/[Ribli] (58)}) 8... Ng4 $5 {
Schwarz strebt sofortiges Gegenspiel an und provoziert den Zug e2-e3, wodurch
Weiß Probleme bei der Entwicklung des Bc1 bekommt.} (8... O-O 9. Bg2 d5 $11 {
Schwarz hat eine angenehme Stellung.} 10. cxd5 exd5 11. Nxd5 Nxd5 12. Qxd5 Be6
$44) 9. e3 O-O 10. Bg2 Nge5 11. Nxe5 Nxe5 12. b3 (12. Qe2 Qb3 $17 {[%csl Rc4]})
12... Bf6 {[%cal Gf6a1]} 13. Ra2 $5 {[%mdl 256]} (13. O-O Nxc4 $17) 13... d5 $1
{Schwarz opfert selbst einen Bauern anstatt mit 13...Nc4 einen Bauern zu
gewinnen und bekommt aktives Spiel.} (13... Nxc4 14. Ne4 Qa5+ 15. Kf1 $44) 14.
cxd5 Qa6 {[%csl Re1][%cal Re5d3,Rd3e1][%mdl 2048]} 15. Bf1 (15. Be4 Rd8 $44)
15... Nf3+ (15... Qa5 $6 16. b4 $16) 16. Qxf3 Bxc3+ 17. Bd2 (17. Bd2 Bxd2+ 18.
Kxd2 (18. Rxd2 Qxa3 19. Bc4 $11) 18... Qd6 (18... Qa5+ 19. b4 Qxd5+ 20. Qxd5
exd5 21. Bd3 $14) 19. Bd3 exd5 20. Rc1 Be6 $11) 1/2-1/2

[Event "RUS-chT 03rd"]
[Site "Kazan"]
[Date "1995.??.??"]
[Round "3"]
[White "Goldin, Alexander"]
[Black "Zvjaginsev, Vadim"]
[Result "0-1"]
[WhiteElo "2585"]
[BlackElo "2600"]
[Annotator "Ribli,Z"]
[PlyCount "79"]
[EventDate "1995.??.??"]
[EventType "team-tourn"]
[EventRounds "9"]
[EventCountry "RUS"]
[SourceTitle "CBM 051"]
[Source "ChessBase"]
[SourceDate "1996.04.01"]
[SourceVersion "1"]
[SourceVersionDate "1996.04.01"]
[SourceQuality "1"]
[WhiteTeam "Novosibirsk New Siberia"]
[BlackTeam "Azov Ladya"]
[WhiteTeamCountry "RUS"]
[BlackTeamCountry "RUS"]

1. Nf3 {Dolmatov} c5 2. c4 Nc6 3. d4 cxd4 4. Nxd4 Nf6 5. Nc3 e6 6. a3 (6. e3 {
Dolmatov} d5 7. cxd5 exd5 8. Be2 Bd6 $10) (6. g3 {Dolmatov} Qb6 7. Nb3 Bb4 $13)
6... Bc5 (6... d5 $6 7. Bg5 Be7 8. e3 O-O $14) (6... a6 7. e3 Qc7 8. Be2 b6 $10
) 7. Nb3 (7. e3 O-O 8. Be2 d5 9. cxd5 exd5 10. O-O Bd6 11. b4 Ne5 12. Bb2 a6
13. Qb3 Bc7 14. Rfd1 Qd6 15. g3 Be6 16. Rac1 Qe7 $13 {Kramnik,V-Lautier,J/
Paris PCA-Intel/1995/EXP4}) 7... Be7 8. e4 (8. g3 O-O 9. Bg2 b6 10. O-O Ba6 11.
Nb5 d5 $10 {Gurevich,D-De Firmian,N/USA-ch Modesto/1995/CBM51/}) 8... O-O 9.
Be2 b6 10. O-O Ba6 (10... Bb7 11. f4 d6 12. Be3 Rc8 13. Bf3 Qc7 14. Qe2 Rfd8
15. g4 Nd7 16. g5 Bf8 17. Rac1 Ne7 18. Nd2 $14 {Giorgadze,G-Urday,H/Porto San
Giorgio/1994/INF61,37/}) (10... a6 11. f4 d6 12. Be3 Bb7 13. Qe1 $14) 11. Bf4 (
11. f4 d6 12. Be3 Rc8 13. Rc1 $14) 11... d6 12. Rc1 $146 (12. f3 Ne5 13. Nb5
Bb7 14. Rc1 a6 15. N5d4 Rc8 $10 {Ftacnik,L-Smejkal,J/Ostrava/1994/CBM42/})
12... Rc8 13. f3 Qd7 $5 {Eine neue Idee; Der Anziehende will erst seinen
d6-Bauern verstaerken und dann beginnt er gegen den c4-Bauern zu spielen.} (
13... Ne5 14. Nb5 $14 (14. Bxe5 $2 dxe5 $10)) 14. a4 Rfd8 15. Qe1 (15. Qd2 $5)
(15. Qd2 $5 Ne5 16. Nb5) 15... Ne5 16. Nb5 Ng6 17. Be3 (17. Bg3 Nh5 $132) 17...
Bxb5 18. axb5 (18. cxb5 d5 19. exd5 Nxd5 $15) 18... d5 $1 {[#] Schwarz hat die
Eroeffnungsprobleme sehr zufriedenstellend geloest und wird langsam die
Initiative uebernehmen.} 19. exd5 exd5 20. c5 (20. Qf2 $2 dxc4 21. Rxc4 Rxc4
22. Bxc4 Ne5 23. Be2 Nd3 $17) 20... d4 $1 (20... bxc5 21. Nxc5 Bxc5 22. Bxc5 d4
$13) 21. Bxd4 (21. c6 $2 Qe6 $19) (21. Nxd4 Bxc5 $15 {/^ c5-g1}) 21... bxc5 22.
Bc3 (22. Bxc5 Bxc5+ 23. Nxc5 Qd4+ 24. Qf2 Qxb2 $15) (22. Bxf6 Bxf6 23. Bc4 Bxb2
$17) 22... c4 $1 23. Bxf6 Bxf6 24. Rxc4 Bxb2 {Als Ergebnis der Kombination
steht der Nachziehende minimal besser, weil seine Figuren besser koordiniert
sind und die weisse Koenigstellung -wegen f3- verletzbar ist.} 25. Qb1 (25.
Rxc8 Qxc8 26. Qb1 Qc3 27. Rd1 $132) 25... Rxc4 26. Bxc4 Bd4+ 27. Kh1 Bb6 $1 {
Das groesste Problem fuer Weiss, dass er seinen b3-Springer nicht mehr ins
Spiel bringen kann.} 28. Qe4 Re8 29. Qc6 (29. Qd5 $5 Qxd5 (29... Qe7 30. Nd4
Nf4 31. Qf5 $13) 30. Bxd5 Re2 31. Rc1 Ne7) 29... Qe7 $1 {Droht /\ Ne5} 30. f4
Rd8 $1 {Ein Turm gehoert auf eine offene Linie.} 31. Qf3 (31. g3 $5 {Dolmatov})
31... Nh4 32. Qe2 Qd7 $1 {Natuerlich will Schwarz die Dame nicht tauschen,
weil sie bei dem Angriff eine sehr wichtige Figur ist.} 33. Re1 g6 $1 {Schwarz
hat genueg Zeit seine Grundlinie zu versichern.} 34. Qe4 Nf5 35. Bf1 (35. g3 {
Dolmatov} Nd6 $17) 35... Nh6 {Droht /\ Ng4 ><f2.} 36. Qf3 Qd6 (36... Ng4 {
Dolmatov} 37. h3 Nf6 $15) 37. g3 Nf5 38. Bh3 (38. Bg2 Ne3 39. Rxe3 Qd1+ 40. Bf1
Bxe3 $19) (38. Qc6 {Dolmatov} Qb4 39. Re8+ Rxe8 40. Qxe8+ Kg7 41. Qe5+) 38...
Qb4 39. Re2 $2 {Verkuerzt die Partie.} (39. Rd1 Rxd1+ 40. Qxd1 Ne3 $19 (40...
Qe4+ {Dolmatov} 41. Bg2 Qxg2+ 42. Kxg2 Ne3+ $19)) (39. Re5 {Dolmatov}) 39...
Rd1+ 40. Kg2 0-1

[Event "Hoogovens"]
[Site "Wijk aan Zee"]
[Date "1999.01.20"]
[Round "4"]
[White "Ivanchuk, Vassily"]
[Black "Sokolov, Ivan"]
[Result "1-0"]
[WhiteElo "2714"]
[BlackElo "2610"]
[Annotator "Ribli,Z"]
[PlyCount "61"]
[EventDate "1999.01.16"]
[EventType "tourn"]
[EventRounds "13"]
[EventCountry "NED"]
[EventCategory "17"]
[SourceTitle "CBM 069"]
[Source "ChessBase"]
[SourceDate "1999.04.01"]
[SourceVersion "1"]
[SourceVersionDate "1999.04.01"]
[SourceQuality "1"]

1. Nf3 Nf6 2. c4 c5 3. Nc3 Nc6 4. d4 cxd4 5. Nxd4 e6 6. g3 {Neben diesem Zug
hat Weiß viele andere Möglichkeiten: 6.a3, 6.Bg5, 6.Bf4, 6.Ndb5, aber die
Partiefortsetzung scheint mir die beste Wahl zu sein. Ribli.} Qb6 7. Nb3 Ne5 8.
e4 Bb4 9. Qe2 Bxc3+ $2 {Schwarz hatte Angst vor der Variante 9...d6 10.Bd2,
die in letzter Zeit sehr beliebt und gefährlich für Schwarz war. Ivanchuk hat
mit ihr z.B. gegen Khalifman in der dritten Partie ihres Wettkampfes in Elista
1998 gewonnen. Sokolov gibt daher den wichtigen schwarzfeldrigen Läufer auf.
Dieser Zug ist aber ganz klar keine Verbesserung. Ribli.} 10. bxc3 d6 11. f4
Nc6 (11... Ng6 12. Bg2 O-O 13. Be3 Qa6 14. c5 Qxe2+ 15. Kxe2 dxc5 16. e5 Nd5
17. Bxc5 Re8 18. c4 Nb6 19. Na5 Bd7 20. Bd6 {1-0 Ree,H-Van den Berg,C/Wijk
1971/MCL 04 (20)}) 12. Ba3 $1 $16 {[%csl Ga3,Rd6,Re8][%cal Ra3d6] [#]Weiß hat
großen positionellen Vorteil. Der schwarze d6-Bauer ist kaum zu halten und
Weiß erlangt deutliche Initiative.} e5 {Schwarz opfert (verliert!) einen
Bauern, aber meines Erachtens ist guter Rat hier schon teuer. Es ist
interessant, daß ein Supergroßmeister wie Sokolov so schlecht nach der
Eröffnung steht.} (12... Na5 13. Nxa5 Qxa5 14. Bb4 Qa6 15. Rd1 O-O 16. Rxd6 $16
b6 17. e5 Bb7 18. exf6 Bxh1 19. Qg4 g6 20. Qg5 Kh8 21. Qh6 Rg8 22. Rd7 Qxa2 23.
Rxf7 Qb1+ 24. Kf2 g5 25. Bf8 Raxf8 26. Rxf8 Qg6 27. f7 {1-0 Garcia Ilundain,
D-Rojo,G/ESP-chT 1994/EXT 94ch (27)}) 13. Bxd6 {[%csl Gd6]} exf4 14. c5 $1 (14.
gxf4) 14... Qa6 (14... Qd8 15. gxf4 $16) 15. Qxa6 bxa6 16. e5 {[%csl Gd6] Der
weiße Läufer steht auf d6 ausgezeichnet.} Ng4 (16... Nd5 17. Bg2 {[%cal Rg2a8]}
Be6 18. Rd1 $18) 17. Bg2 {[%cal Rg2c6]} Bd7 18. gxf4 Ne3 {[%cal Re3c2,Rc2e1,
Rc2a1,Re3g2]} 19. Be4 {[%cal Ge4c2]} Rc8 20. Rg1 {[%cal Rg1g7]} g6 21. Bd3 {
Weiß greift den Bauern a6 an und plant ein Qualitätsopfer.} (21. Nd4 $16) 21...
Bf5 22. Bxa6 $1 Nc2+ 23. Kf2 Nxa1 24. Rxa1 {[%csl Re8][%cal Ra6c8] Weiß hat
zwei Bauern für die Qualität und seine Läufer beherrschen das Brett.} Rd8 25.
Nd4 Bd7 (25... Nxd4 26. cxd4 $18 {[%csl Ga6,Gc5,Gd4,Gd6,Rd8,Ge5,Re8]}) 26. Rb1
{[%cal Gb1b8]} Ne7 27. Rb7 {[%cal Rb7a7]} Nc8 28. Bc7 $18 {[%csl Rd8][%mdl
16388] Weiß gewinnt die Qualität zurück und behält zwei gesunde Mehrbauern.}
O-O 29. Bxd8 Rxd8 30. c6 {[%csl Gc6] Der c-Freibauer entscheidet die Partie.}
Bh3 31. Kg3 {[%csl Rh3] Und Schwarz gab auf. Eine Eröffnungskatastrophe für
Sokolov!} (31. Kg3 Be6 32. Nxe6 fxe6 33. Rd7 Rf8 (33... Rxd7 34. cxd7 $18 {
[%cal Rd7c8,Rd7d8]}) 34. c7 $18 {[%cal Rd7d8]}) 1-0

[Event "Pamplona 9394 4th"]
[Site "Pamplona"]
[Date "1993.??.??"]
[Round "9"]
[White "Greenfeld, Alon"]
[Black "Leko, Peter"]
[Result "1-0"]
[WhiteElo "2590"]
[BlackElo "2555"]
[Annotator "Ribli,Z"]
[PlyCount "89"]
[EventDate "1993.12.??"]
[EventType "tourn"]
[EventRounds "9"]
[EventCountry "ESP"]
[EventCategory "10"]
[SourceTitle "CBM 039"]
[Source "ChessBase"]
[SourceDate "1994.04.01"]
[SourceVersion "1"]
[SourceVersionDate "1994.04.01"]
[SourceQuality "1"]

1. Nf3 c5 2. c4 Nf6 3. Nc3 Nc6 4. d4 cxd4 5. Nxd4 e6 6. g3 Bc5 7. Nb3 Bb4 8.
Bg2 d5 9. cxd5 Nxd5 10. O-O Nxc3 11. Qxd8+ (11. bxc3 $5 Qxd1 12. Rxd1 Bxc3 13.
Rb1 O-O 14. Nc5 $44 {Razuvaev,Y-Polugaevsky,L/Moscow/1985/INF39,(72)/}) 11...
Nxd8 12. bxc3 Bxc3 13. Rb1 Bd7 (13... a5 14. Rd1 f6 15. a3 Rf8 16. Nc5 $44 {
Reshevsky,S-Kogan,B/USA ch/INF42,75/}) 14. Nc5 Bc6 15. Ba3 $1 $44 (15. Nxb7
Bxb7 16. Bxb7 Nxb7 (16... Rb8 17. Be4 $14) 17. Rxb7 O-O 18. Be3 a6 19. Rc1 $14)
15... b6 (15... a5 16. Nxb7 Bxb7 17. Bxb7 Nxb7 18. Rxb7 Bb4 19. Bxb4 axb4 20.
Rxb4 O-O 21. a4 $14) 16. Ne4 Be5 17. Rfd1 Rc8 (17... Bxe4 18. Bxe4 Rc8 19. Bd3
$16) 18. Rbc1 f5 (18... Bb7 19. Rxc8 Bxc8 20. Bd6 $16) 19. Ng5 Bf6 20. Rxd8+ $1
Kxd8 (20... Bxd8 21. Rxc6 $18) 21. Nf7+ Ke8 22. Nxh8 Bd7 23. Rxc8+ Bxc8 24.
Bc6+ Bd7 25. Bxd7+ Kxd7 26. Nf7 Kc6 27. f4 $1 Kd5 28. Kf2 b5 (28... Kc4 29.
Nd6+ Kc3 30. Nb5+ $18) 29. Ke3 a5 30. Ne5 b4 31. Bb2 a4 32. a3 bxa3 33. Bxa3
Bxe5 34. fxe5 Kc4 35. Bb2 g5 36. h4 h6 37. hxg5 hxg5 38. Kf3 Kb3 39. Ba1 Kc4
40. Bb2 Kb3 41. Ba1 Kc4 (41... Ka2 42. Bd4 a3 43. e4 fxe4+ 44. Kxe4 Kb1 45. Kf3
a2 46. Kg4 $18) 42. e4 $1 Kc5 43. Bb2 Kc6 44. Ba3 Kd7 45. Bc1 1-0

[Event "Hoogovens"]
[Site "Wijk aan Zee"]
[Date "1997.01.26"]
[Round "7"]
[White "Kortschnoj, Viktor Lvovich"]
[Black "Lautier, Joel"]
[Result "1/2-1/2"]
[WhiteElo "2635"]
[BlackElo "2630"]
[Annotator "Ribli,Z"]
[PlyCount "72"]
[EventDate "1997.01.18"]
[EventType "tourn"]
[EventRounds "13"]
[EventCountry "NED"]
[EventCategory "16"]
[SourceTitle "CBM 057"]
[Source "ChessBase"]
[SourceDate "1997.04.01"]
[SourceVersion "1"]
[SourceVersionDate "1997.04.01"]
[SourceQuality "1"]

1. c4 {Yudasin,L} c5 2. Nf3 Nf6 3. Nc3 Nc6 4. d4 cxd4 5. Nxd4 e6 6. Bf4 {
Das ist eine wirklich seltene Variante. Meiner Meinung nach bietet diese
Fortsetzung keinen Vorteil für Weiß, aber Kortschnoj war einmal mit diesem Zug
gegen Timman erfolgreich, Hilversum 1982 m/3.Ribli.} d5 7. cxd5 (7. Ndb5 e5 8.
cxd5 exf4 9. dxc6 bxc6 {Führt zu einer Hauptvariante.Ribli.} (9... bxc6 {
Yudasin,L} 10. Qxd8+ Kxd8 11. Rd1+ Bd7 12. Nd6 $13 (12. Nd4 $14))) 7... Nxd5 8.
Nxc6 bxc6 9. Bd2 {Ich möchte anmerken, daß dieselbe Stellung, jedoch mit einem
Mehrtempo für Weiß, aus folgender Variante hervorgeht A31: 1.c4 c5 2.Nf3 Nf6 3.
Nc3 Nc6 4.d4 cxd4 5.Nxd4 d5 6.cxd5 Nxd5 7.Nxc6 bxc6 8.Bd2 e6. In der Partie
Horvath,Jo-Nemeth,Z/HUN-chT/1997/ war 9.Qa4 Bb410.e4 Bxc3 11.bxc3 Ne7 12.Bf4
o-o 13.Rd1 Qb6 14.Bd6 vorteilhaft für Weiß.Ribli.} Ba6 $146 {Wenn man nur die
Bauernstruktur beachtet, hat Weiß eine überlegene Stellung, denn Pc6 ist immer
schwach. Aber Schwarz bekommt Initiative und die offene b-Linie für seine
Schwäche, sein Springer auf d5 ist ebenfalls stark.Ribli.} (9... Nxc3 $2 10.
Bxc3 Qxd1+ 11. Rxd1 f6 12. g3 Rb8 13. Bg2 Bd7 14. O-O Bb4 15. Bxb4 Rxb4 16. Rd6
Ke7 17. Rfd1 Be8 18. b3 $14 {Atalik,S-Friedman/Philadelphia World op/1995/}) (
9... Bb4 10. Nxd5 (10. Rc1 $5) 10... Bxd2+ 11. Qxd2 cxd5 12. e3 O-O 13. Bd3 Qb6
14. O-O Ba6 $11 {Kortschnoj,V-Timman,J/Hilversum KRO m/1982/}) 10. Qa4 (10. g3
Be7 11. Bg2 O-O 12. O-O Bf6) (10. e4 {Yudasin,L} Bxf1 11. Kxf1 Nb4 12. Qe2 Be7)
10... Qb6 11. Nxd5 (11. Rc1 {Yudasin,L in english} Rc8 {transposes into the
game}) 11... exd5 12. Rc1 (12. Bc3 {Yudasin,L} Bc5 13. e3 Bxf1 14. Kxf1 O-O 15.
g3 $11) 12... Rc8 (12... Bc5 $2 {Yudasin,L} 13. Rxc5) 13. g3 (13. Bc3 {Yudasin,
L} Bc5) (13. Ba5 {Yudasin,L} Qb5) 13... Be7 (13... Bc5 $2 14. Rxc5 Qxc5 15.
Qxa6) 14. Bh3 Bb5 (14... f5 {Yudasin,L} 15. Bxf5 O-O 16. Be6+ Kh8 17. Be3 $16)
15. Qg4 (15. Qf4 {Yudasin,L} Rd8 {and castle on the next move}) 15... O-O {
Wenn wir die Bauerninseln zählen, dann steht Weiß besser, in dieser konkreten
Stellung ist die schwarze Aktivität jedoch so stark, daß er keineswegs
schlechter steht.Ribli.} 16. Bc3 $5 (16. O-O d4 {Und Schwarz hat unangenehmen
Druck.Ribli.}) (16. Qxc8 $2 {Yudasin,L} Rxc8 17. Bxc8 Qd4 $17) 16... g6 (16...
f6 {Yudasin,L} 17. Qe6+ (17. O-O {with Rfe1 and e3+/=}) 17... Kh8 18. Qxe7 Rce8
$13) 17. O-O c5 18. Qf4 Rce8 (18... d4 $2 {Yudasin,L} 19. Bxd4 $1) 19. a4 (19.
Rfe1 {Yudasin,L} d4 20. Bd2 Bd6 $15) 19... Bxe2 (19... Ba6 $5 20. Bd7 (20. b4
$1 Bxe2 (20... cxb4 21. Bd4 $44) 21. Rfe1 d4 (21... Bc4 $2 22. Rxe7 Rxe7 23.
bxc5 $40) 22. Rxe2 dxc3 23. bxc5 Bxc5 (23... Qxc5 24. Qf3 $11) 24. Rxe8 Rxe8
25. Rxc3 $11) 20... Rd8 (20... d4 $1 {Yudasin,L} 21. Bxe8 dxc3 22. Bb5 Bxb5 23.
axb5 cxb2 24. Rc2 Bf6 25. Rb1 Rb8 $17) 21. Qe5 d4 (21... d4 22. Qxe7 dxc3 $15))
20. Qe5 d4 21. Qxe2 Bf6 {Die Partiefortsetzung garantiert Schwarz den halben
Punkt, aber vielleicht wäre es interessant, die Alternative zu prüfen.Ribli.} (
21... dxc3 22. Rxc3 (22. Bd7 cxb2 23. Rb1 Rb8 24. Qxe7 c4) 22... Bf6 23. Re3
Rxe3 24. Qxe3 Bxb2) 22. Qc4 dxc3 23. bxc3 $11 {Weiß hat einen mikroskopisch
kleinen Vorteil, aber in Wijk aan Zee kann man derartige Stellungen nicht
gewinnen.Ribli.} Re7 24. Rb1 Qa5 25. Rfc1 Rfe8 26. Rb5 Qd8 27. Rxc5 Qd2 {
Weiß hat einen Mehrbauern, kann ihn aber kaum halten.Ribli.} 28. Rf1 Kg7 29. a5
Re5 30. Rc6 R8e7 {Ich kann mir wirklich nicht vorstellen, wie Weiß hier
vorankommen soll.Ribli.} (30... Rxa5 $2 {Yudasin,L} 31. Rxf6 Kxf6 32. Qc6+ Re6
(32... Ke7 $2 33. Qc7+) 33. Bxe6 fxe6 34. Qc7 $16) 31. Qa6 (31. a6 {Yudasin,L}
h5) 31... Bg5 32. f4 {Das führt zum sofortigen Remisschluß.Ribli.} (32. Bg2 {
Yudasin,L} Rf5 {with Re2}) 32... Re2 33. fxg5 Qe3+ 34. Kh1 Qe4+ 35. Kg1 Qe3+
36. Kh1 Qe4+ {Und remis durch Dauerschach.Ribli.} 1/2-1/2